000 00780nam a22002537a 4500
001 48387
003 UA-OsUOA
005 20220411211856.0
007 ta
008 20070905b un ||||| |||| 00| 0 ukr d
020 _a5774510581
040 _aUA-OsUOA
_bukr
_cUA-OsUOA
_dUA-OsUOA
041 _aukr
080 _a7.036(477)
090 _a7.036(477)
_bД82
100 _aДуманська О.
245 _aГрафиня з Куткора
_bбіографічна оповідь з голосів самовидців
260 _aЛьвів
_bКаменяр
_c2004
300 _a127 с.
650 7 _a7.0 Загальні питання мистецтва
_2UDC
942 _cBK
_2udc
955 _a1
999 _c334467
_d334467